|
|
|
|
| LEADER |
00000nam0a2200000 4500 |
| 001 |
155595 |
| 005 |
20231101221839.0 |
| 020 |
|
|
|a RU
|b 80-23351
|
| 035 |
|
|
|a (RuTPU)RU\TPU\book\168773
|
| 090 |
|
|
|a 155595
|
| 100 |
|
|
|a 20090317d1979 k y0rusy5003 ca
|
| 101 |
0 |
|
|a rus
|
| 102 |
|
|
|a RU
|
| 105 |
|
|
|a a z 001zy
|
| 200 |
1 |
|
|a Ручные пневматические машины ударного действия
|e сборник научных трудов
|f Академия наук СССР (АН СССР), Сибирское отделение (СО), Институт горного дела (ИГД) ; под ред. Н. А. Клушина
|
| 210 |
|
|
|a Новосибирск
|c Изд-во ИГД СО АН СССР
|d 1979
|
| 215 |
|
|
|a 117 с.
|c ил.
|
| 320 |
|
|
|a Библиография в конце статей
|
| 606 |
1 |
|
|a Пневматические машины ручные ударного действия ручные
|x Горное дело
|2 stltpush
|3 (RuTPU)RU\TPU\subj\49440
|9 68238
|
| 610 |
1 |
|
|a ударные машины
|
| 610 |
1 |
|
|a пневматические ударные машины
|
| 610 |
1 |
|
|a динамика
|
| 610 |
1 |
|
|a газодинамика
|
| 610 |
1 |
|
|a перфораторы
|
| 610 |
1 |
|
|a пневмоударные механизмы
|
| 610 |
1 |
|
|a дроссельные устройства
|
| 610 |
1 |
|
|a пневматические молотки
|
| 610 |
1 |
|
|a вибрации
|
| 610 |
1 |
|
|a ручные машины
|
| 675 |
|
|
|a 622.233.5
|v 3
|
| 702 |
|
1 |
|a Клушин
|b Н. А.
|4 340
|
| 712 |
0 |
2 |
|a Академия наук СССР (АН СССР)
|b Сибирское отделение (СО)
|b Институт горного дела (ИГД)
|c (Новосибирск)
|2 stltpush
|3 (RuTPU)RU\TPU\col\11352
|
| 801 |
|
0 |
|a RU
|b RuMRKP
|c 19950704
|g psbo
|
| 801 |
|
1 |
|a RU
|b 63413507
|c 20090317
|g PSBO
|
| 801 |
|
2 |
|a RU
|b 63413507
|c 20200923
|g PSBO
|
| 942 |
|
|
|c BK
|